| 000 | 00532nam a2200217Ia 4500 | ||
|---|---|---|---|
| 003 | OSt | ||
| 005 | 20220918231127.0 | ||
| 006 | a|||||r|||| 00| 0 | ||
| 007 | ta | ||
| 008 | 220917b |||||||| |||| 00| 0 eng d | ||
| 024 | _a264,897 | ||
| 037 | _cTextual | ||
| 040 |
_aARTS _cARTS _beng |
||
| 041 |
_2eng _aeng |
||
| 082 | _aY592.2'P1, P6;2 | ||
| 100 |
_aMenon D.M. _9153894 |
||
| 245 | 0 | _aBlindness of insight | |
| 260 | _c2006 | ||
| 942 |
_hY592.2'P1, P6;2 _cTEXL _2CC |
||
| 999 |
_c289992 _d289992 |
||